000 00224nam a2200097Ia 4500
008 240331s9999 xx 000 0 und d
082 _bVIT
100 _aViththiyananthan,S
245 0 _aViththien parvaiyum pathivum
942 _cL
999 _c5122
_d5122